| 000 | 00462nam a22001577a 4500 | ||
|---|---|---|---|
| 005 | 20251108164240.0 | ||
| 008 | 250721s1993 xx 000 0 ara d | ||
| 082 | 1 | 4 | _a792/شكر |
| 100 | 1 | _aشكري، عبد المجيد | |
| 245 | 1 | 0 | _aالمسرح كوسيلة إتصال جماهيري / |
| 264 | 1 |
_aالقاهره : _bالعربي للنشر و التوزيع، _c1993. |
|
| 300 | _a88ص. | ||
| 650 | 1 | 7 | _aالمسرح |
| 942 |
_2ddc _cBK |
||
| 999 |
_c7404 _d7404 |
||